Polen. Gesellschaften mit ausländischer Beteiligung. Gesetzestexte mit Einführung und Kommentar (Record no. 1784)

MARC details
000 -LEADER
fixed length control field 00501nam a22001817i 4500
001 - CONTROL NUMBER
control field 1804
003 - CONTROL NUMBER IDENTIFIER
control field OSt
005 - DATE AND TIME OF LATEST TRANSACTION
control field 20170126082259.0
007 - PHYSICAL DESCRIPTION FIXED FIELD--GENERAL INFORMATION
fixed length control field tu
008 - FIXED-LENGTH DATA ELEMENTS--GENERAL INFORMATION
fixed length control field 161220s1987 xxu||||| |||| 00| 0 d
024 7# - OTHER STANDARD IDENTIFIER
Standard number or code 1803
Source of number or code RID
040 ## - CATALOGING SOURCE
Transcribing agency OSt
084 ## - OTHER CLASSIFICATION NUMBER
Classification number 11.352
-- 14.23
-- 14.4
Number source z
110 2# - MAIN ENTRY--CORPORATE NAME
Corporate name or jurisdiction name as entry element Bundesstelle für Außenhandelsinformationen
Relator term Ed.
245 00 - TITLE STATEMENT
Title Polen. Gesellschaften mit ausländischer Beteiligung. Gesetzestexte mit Einführung und Kommentar
260 ## - PUBLICATION, DISTRIBUTION, ETC.
Place of publication, distribution, etc. Köln,
Date of publication, distribution, etc. 1987.
300 ## - PHYSICAL DESCRIPTION
Extent 55 S. ;
Dimensions 30cm.
942 ## - ADDED ENTRY ELEMENTS (KOHA)
Koha item type Book
Holdings
Withdrawn status Lost status Damaged status Not for loan Home library Current library Shelving location Date acquired Inventory number Total Checkouts Full call number Barcode Date last seen Price effective from Koha item type
        WIIW WIIW Souterrain 01/13/1995 1804   II-4.579 301802 01/26/2017 01/26/2017 Book
The Vienna Instiute for International Economic Studies (wiiw)